| 000 | 00390nam a22001337a 4500 | ||
|---|---|---|---|
| 020 | _a0-07-016501-7 | ||
| 082 | _a629.254 DER'A | ||
| 100 |
_aDERATO, FRANK C _974995 |
||
| 245 | _aAUTOMOTIVE IGNITION SYSTEMS DIAGNOSIS AND REPAIR | ||
| 260 |
_aNEWYORK _bMCGRAW HILL _c1982 |
||
| 300 | _a262P | ||
| 650 |
_aAUTOMOBILES IGNITION ELECTRONIC SYSTEMS MAINTENANCE AND REPAIR _974996 |
||
| 942 | _cBK | ||
| 999 |
_c580493 _d580493 |
||